• 首页
  • 本馆介绍
  • 公告通知
  • 最新文献
  • 馆藏检索
  • 电子资源
  • 读者导购
  • 参考咨询
  • 我的图书馆
  • 登录
  • 详细信息显示
  • 放入我的书架
  • 预约/预借图书
  • 作者相关作品
  • 分类相关作品
  • 丛书相关作品
  • 出版社相关作品

书目信息

  • 表格格式
  • 工作单格式
  • 卡片格式
题名:
怎样选用无线电元件
    
 
作者: 傅吉康 编著
分册:  
出版信息: 北京   人民邮电出版社  1982
页数: 225页
开本: 19cm
丛书名: 无线电爱好者丛书
单 册:
中图分类: TN804
科图分类:
主题词: 电子元件 , 电信设备
电子资源:
ISBN:
000 00730nam2 2200265 45
001 0182006530
005 20060814144131.18
010    @dCNY0.56
091    @a15045.总2571-无6176
100    @a19950629d1982 em y0chiy0121 ea
101 0  @achi
102    @aCN@b110000
105    @ay z 000yy
200 10 @a怎样选用无线电元件@Azen yang xuan yong wu xian dian yuan jian@f傅吉康编著
210    @a北京@c人民邮电出版社@d1982
215    @a225页@d19cm
225 2  @a无线电爱好者丛书
410  0 @120010@a无线电爱好者丛书
606    @a电子元件
606 0  @a电信设备
690    @aTN804@v3
701  0 @a傅吉康@Afu ji kang@4编著
801  0 @aCN@b上海图书馆@c20060814
801  2 @aCN@bNLC@c20060720
905    @dTN804@e11@f1@b68877
    
    怎样选用无线电元件/傅吉康编著.-北京:人民邮电出版社,1982
    225页;19cm.-(无线电爱好者丛书)
    
    
    ISBN :CNY0.56
    
●
相关链接 在E读中查询图书 在五车中查询图书 在当当中查询图书 在豆瓣中查询图书


正题名:怎样选用无线电元件     索取号:TN804/11         预约/预借

序号 登录号 条形码 馆藏地/架位号 状态 备注
1 0068876   001321019   第二样本阅览室/ [索取号:TN804/11] 在馆    
2 0068877   001952006   第三借阅区/ [索取号:TN804/11] 在馆    
3 0068878   001321028   密集书库/ [索取号:TN804/11] 在馆    
4 0068879   001321055   密集书库/ [索取号:TN804/11] 在馆    
5 0068880   001320984   密集书库/ [索取号:TN804/11] 在馆    
6 0437945   204379458   密集书库/ [索取号:TN804/11] 在馆    
7 0458189   204581899   密集书库/ [索取号:TN804/11] 在馆    
唐山师范学院图书馆 欢迎您!
大连网信软件有限公司© 版权所有